| 000 | 00433nam a22001697a 4500 | ||
|---|---|---|---|
| 003 | OSt | ||
| 008 | 241023b |||||||| |||| 00| 0 eng d | ||
| 020 | _a978-8190216814 | ||
| 082 | _a759.54 | ||
| 100 | _aPRIYA, Madhu | ||
| 245 | _aFragrance: An Innovative Collection of Indian Textile Designs | ||
| 250 | _a1st. ed. | ||
| 260 |
_aMumbai, _bHonesty Publishers, _c2004, |
||
| 300 | _a176 p. | ||
| 650 | _aB.FAD. | ||
| 942 |
_2ddc _cREF |
||
| 999 |
_c12971 _d12971 |
||